MARC details
| 000 -CABECERA |
| campo de control de longitud fija |
02016nam a2200229 c 4500 |
| 001 - NÚMERO DE CONTROL |
| campo de control |
Rebiun34719293 |
| 008 - DATOS DE LONGITUD FIJA--INFORMACIÓN GENERAL |
| campo de control de longitud fija |
231124s2023 sp r 000 0 spa d |
| 017 ## - NÚMERO DE COPYRIGHT O DE DEPÓSITO LEGAL |
| Número de copyright o de depósito legal |
B 12627-2023 |
| 020 ## - NÚMERO INTERNACIONAL ESTÁNDAR DEL LIBRO |
| Número Internacional Estándar del Libro |
9788412661668 |
| 040 ## - FUENTE DE LA CATALOGACIÓN |
| Centro catalogador/agencia de origen |
URJC.CF |
| Centro/agencia transcriptor |
tbs |
| 041 ## - CÓDIGO DE LENGUA |
| Código de lengua del texto/banda sonora o título independiente |
Spanish |
| 100 ## - ENTRADA PRINCIPAL--NOMBRE DE PERSONA |
| Nombre de persona |
Eklöf, Johan |
| 9 (RLIN) |
25523 |
| Término indicativo de función/relación |
author |
| 245 10 - MENCIÓN DE TÍTULO |
| Título |
Manifiesto por la oscuridad |
| Mención de responsabilidad, etc. |
/ Johan Eklöf |
| 260 ## - PUBLICACIÓN, DISTRIBUCIÓN, ETC. |
| Lugar de publicación, distribución, etc. |
[Barcelona] : |
| Nombre del editor, distribuidor, etc. |
Rosamerón, |
| Fecha de publicación, distribución, etc. |
D.L. 2023 |
| 300 ## - DESCRIPCIÓN FÍSICA |
| Extensión |
250 pages ; |
| Otras características físicas |
21 cm |
| 520 ## - SUMARIO, ETC. |
| Sumario, etc. |
La bombilla, durante mucho tiempo símbolo del progreso, debe apagarse. Es necesario abrazar la oscuridad para asegurar un futuro brillante. ¿Cuánta luz es demasiada? La flora y la fauna del mundo han evolucionado para operar en el ciclo natural del día y la noche. Sin embargo, la iluminación permanente ha hecho que la contaminación lumínica sea un grave problema. Desde el espacio, nuestro planeta brilla intensamente 24 horas al día, los 7 días de la semana. Al extender nuestras horas de luz, hemos expulsado a los habitantes de la noche e interrumpido los ritmos circadianos necesarios para el sustento de todos los seres vivos. Las farolas y los letreros de neón de nuestras ciudades están alterando ecosistemas enteros. |
| 520 ## - SUMARIO, ETC. |
| Sumario, etc. |
The lightbulb, long a symbol of progress, must now be switched off. We must embrace the darkness to secure a bright future. How much light is too much? The world's flora and fauna have evolved to function within the natural cycle of day and night. However, constant illumination has turned light pollution into a serious issue. From space, our planet glows brightly 24 hours a day, seven days a week. By extending our hours of light, we have driven out the creatures of the night and disrupted the circadian rhythms essential to the survival of all living beings. Streetlights and neon signs in our cities are disturbing entire ecosystems. |
| 650 #0 - PUNTO DE ACCESO ADICIONAL DE MATERIA--TÉRMINO DE MATERIA |
| Término de materia o nombre geográfico como elemento de entrada |
Circadian rhythms |
| 9 (RLIN) |
25526 |
| 650 #0 - PUNTO DE ACCESO ADICIONAL DE MATERIA--TÉRMINO DE MATERIA |
| Término de materia o nombre geográfico como elemento de entrada |
Light and darkness Physiological effect |
| 9 (RLIN) |
25527 |
| 650 #0 - PUNTO DE ACCESO ADICIONAL DE MATERIA--TÉRMINO DE MATERIA |
| Término de materia o nombre geográfico como elemento de entrada |
Light pollution |
| 9 (RLIN) |
25528 |
| 942 ## - ELEMENTOS DE ENTRADA AGREGADA (KOHA) |
| Fuente del sistema de clasificación o colocación |
Clasificación de Library of Congress |